Flags of the World #9 - Statistics

General Stats
  • This quiz has been taken 50 times
    15 since last reset
  • The average score is 15 of 16
Answer Stats
Picture Answer % Correct
Brunei
100%
Chad
100%
Jamaica
100%
Laos
100%
Moldova
100%
Niger
100%
North Korea
100%
North Macedonia
100%
Afghanistan
86%
Bahamas
86%
Madagascar
86%
Mauritius
86%
Nicaragua
86%
Republic of the Congo
86%
Yemen
86%
Palestine
71%
No matching quizzes found
Score Distribution
Percent of People with Each Score
Percentile by Number Answered
Your Score History
You have not taken this quiz since the last reset